000 00840nam a22002777a 4500
003 CHAP
005 20220329134211.0
008 971013s r 00010 d
010 _a16886
011 _a17858
035 _a21942
040 _cCHAP
090 _aR-1588Y
100 0 0 _aJanzen, Daniel H.
_961070
245 _aAgroecosistemas tropicales
500 _aSobretiro de : Janzen, Daniel H. Tropical agroecosystems. Science 182:1212-1219, 1973
590 _aBATCH-UPD
_b10
_c20130110
_lUCH01
_h1035
590 _aBATCH-UPD
_b10
_c20130410
_lUCH01
_h0636
590 _aBATCH-UPD
_b10
_c20130913
_lUCH01
_h2353
590 _aCONVERSION
_b10
_c20130109
_lUCH01
_h1310
650 1 4 _aAgricultura
_xTrĂ³picos.
_91888
650 1 4 _aEcosistema.
_935290
901 _aBK
942 _cREIMP
949 _aR-1588Y
_bBC
_cR
_d-51097
_eTS1
_i21942
_si
999 _c16886
_d16886